MDQL
is popping MORE tags! Check the
thread
!
Quizzes
Events
Quiz Creation
Community
Videos
Private Events
Remove Ads
Sign In
Join for FREE
Feedback
Dark Mode
Quiz Categories
Sports
Geography
Music
Movies
Television
Just For Fun
Miscellaneous
History
Literature
Language
Science
Gaming
Entertainment
Religion
Holiday
For Kids
Quiz Lab
Recent
Popular Today
Quiz Kudos Today
Editor Picks
Curator Picks
Quizzes by...
Day
Popularity
Type
Ratings
Length
Year
Community
Subscriptions
Recent Discussions
Orange Saloon
Badges
Playlists
Quests
Create
Leaderboards
Showdown
Live 5
Trivia Bingo
Activity
Puzzle Library
Sporcle Events
Private Events
Virtual Trivia
Globe League
Become a Host
Pub Owners
SporcleCon
Opinionation
Our Games
Videos
Blog
Mobile Apps
Partnerships
Remove Ads and Go Orange
Feedback
Sports
Athletes
MLB
NBA
NHL
NFL
Soccer
Sports Teams
WWE
NCAA
Football
Premier League
Basketball
Baseball
Hockey
Golf
Tennis
Cricket
Rugby
Auto Racing
Olympics
World Cup
Sports
Athletes
MLB
NBA
NHL
NFL
Soccer
Sports Teams
WWE
NCAA
Football
Premier League
Basketball
Baseball
Hockey
Golf
Tennis
Cricket
Rugby
Auto Racing
Olympics
World Cup
Random Quiz
Search Sporcle
×
Quiz Lab
Quiz Lab
Sports
Baseball
Type in answers that appear in a list
Type in answers that appear in a list
Classic
Best Score? Go Orange.
Pitchers with 20 win season since 2000 Stats
Can you name the pitchers with a 20 win season since 2000?
By
Mit536
10m
39 Questions
158 Plays
158 Plays
158 Plays
Comments
Comments
Give Quiz Kudos
Give Quiz Kudos
-
- Ratings
hide this ad
Replay
Link that replays current quiz
Next Quiz
Link to next quiz in quiz playlist
You Got
0%
They Got
Avg Score
88%
Avg Friend Score
Upgrade to see
Score Distribution
Jump to the score distribution portion of the page
Score
0/39
Timer
10:00
0
Plays Today
Year
Name
% Correct
2002
Randy Johnson
100%
2001
Randy Johnson
100%
2011
Clayton Kershaw
99.4%
2011
Justin Verlander
98.7%
2010
Roy Halladay
98.7%
2008
Roy Halladay
98.7%
2003
Roy Halladay
98.7%
2004
Curt Schilling
98.1%
2002
Curt Schilling
98.1%
2001
Curt Schilling
98.1%
2010
CC Sabathia
97.5%
2005
Chris Carpenter
96.8%
2000
Tom Glavine
96.8%
2010
Adam Wainwright
95.6%
2008
Cliff Lee
95.6%
2005
Roy Oswalt
95.6%
2004
Johan Santana
95.6%
2004
Roy Oswalt
95.6%
2002
Pedro Martinez
95.6%
2002
Barry Zito
94.3%
Year
Name
% Correct
2001
Roger Clemens
93%
2000
Tim Hudson
93%
2007
Josh Beckett
92.4%
2008
Brandon Webb
89.2%
2001
Mark Mulder
89.2%
2003
Andy Pettitte
88%
2008
Mike Mussina
86.1%
2005
Dontrelle Willis
84.2%
2003
Jamie Moyer
82.3%
2001
Jamie Moyer
82.3%
2011
Ian Kennedy
81.6%
2002
Derek Lowe
80.4%
2005
Bartolo Colon
77.2%
2001
Matt Morris
67.7%
2000
David Wells
64.6%
2003
Esteban Loaiza
62%
2003
Russ Ortiz
61.4%
2000
Darryl Kile
57.6%
2001
Jon Lieber
54.4%
Quiz Playlist
Details
Report
Send in Message
Add To Playlist
Classic:
Type in answers that appear in a list
Quiz Source
Last Updated: Feb 16, 2017
Quiz Scoreboard
CHALLENGE
Sign Up to Join the Scoreboard
Show All
Scores
Hide
Comments
May contain spoilers
Recently Published
5x2 Blitz: Bands
by SL_Kpop136
Music
30s
Colored Red Africa Blitz
by spor1
Geography
30s
Find the 'City' Movie
by crazypaving
Movies
60s
More to Explore
Quiz From the Vault
Featured Blog Post
14 Easter Pick-up Lines to Find Eggs With
hide this ad
You Might Also Like...
Tags
Baseball Quiz
MLB Quiz
2000s
Pitchers
Wins Leaders
Today's Top Quizzes in Sports
Browse Sports
hide this ad
Today's Top Quizzes in Baseball
Browse Baseball
Top Contributed Quizzes in Sports
1
Les entraîneurs de l'OM et du PSG au 21e siècle
2
Les meilleurs buteurs des matchs entre le PSG et l’OM
3
Les joueurs passés par le PSG et l'OM
4
Players with Multiple 50 Home Run Seasons
5
2022 World Cup Stars
6
Criteria MLB: Left Handed Sluggers
7
NBA Logic Puzzle 2.0
8
MLB Players with Two .350 Batting Average Seasons
9
Top 10 NHL Goal Scorers of All Time
10
Les joueurs passés par le LOSC et le RC Lens
Explore More
Trending Topics
Harry Potter
Disney
Anime
Kpop
Crossword
Marvel
NBA
Pokémon
NFL
Soccer
WWE
Puzzle
Country
Song
The Office
hide this ad
More By:
Mit536
Quiz
Plays
Rating
Category
Featured
Created
Top 100 Greatest MLB Players of All Time (As of 1999)
1,198
2.45
Sports
May 16, 2012
Top 300 Fantasy Baseball Players for 2013
486
5.00
Sports
Mar 2, 2013
Pitchers with 20 win season since 2000
158
5.00
Sports
May 15, 2012
Top 20 Career Batting Avg leaders
152
3.67
Sports
May 15, 2012
Wins leaders by year since 1980
125
Sports
May 15, 2012
Go to Creator's Profile
Score Distribution
Quiz Creator Spotlight
Mit536
Follow
Send a Message
Quizzes Created
-
Created Quiz Play Count
-
More By This Creator
Popular Quizzes Today
1
Colored Red Africa Blitz
2
Find the 'City' Movie
3
Find the US States - No Outlines Minefield
4
5x2 Blitz: Bands
5
The Countries of the World
6
Find the US States
7
US States
8
Find the Countries of Europe - No Outlines Minefield
More Sports Quizzes
Every Big 4 Sports Team Ever (thru 2005)
Curator's Pick
Trending Quizzes
Colored Red Europe Blitz I
Colored Red Europe Blitz II
Colored Red Africa Blitz II
Colored Red Europe Blitz III
Colored Red Africa Blitz III
Recently Updated
How Do You Spell That?
pecheneg
Godzilla Movies
pecheneg
Grab Bag: 4-10 Letters
pecheneg
2024 March Madness Bracket
pecheneg
Famous TV Couples
Peacemaker
Champions League XIs: Real Madrid
pecheneg
Largest US Cities 1790-2010
pecheneg
Rides in Walt Disney World
pecheneg
Most Oscar Losses (Acting)
pecheneg
Beyoncé Albums
pecheneg
Trending Topics
Kpop
Anime
Crossword
Disney
NBA
Marvel
Harry Potter
WWE
Soccer
NFL
Puzzle
Pokémon
Country
The Office
Song
Your Account Isn't Verified!
In order to create a playlist on Sporcle, you need to verify the email address you used during registration. Go to your
Sporcle Settings
to finish the process.
Report this User
Report this user for behavior that violates our
Community Guidelines
.
Details:
Send Report
Go to the Sporcle.com Mobile Site →
Comments